[Event "SVK-chT3B2 1415"]
[Site "Slovakia"]
[Date "2014.11.23"]
[Round "3.2"]
[White "Malinovsky, Jozef"]
[Black "Sklenka, Stanislav"]
[Result "1-0"]
[WhiteElo "1809"]
[BlackElo "1783"]
[PlyCount "83"]
[EventDate "2014.10.05"]
[EventType "team-tourn"]
[EventRounds "14"]
[EventCountry "SVK"]
[SourceTitle "EXT 2019"]
[Source "ChessBase"]
[SourceDate "2018.10.10"]
[SourceVersion "1"]
[SourceVersionDate "2018.10.10"]
[SourceQuality "1"]

1. d4 d5 2. c4 Nf6 3. Nc3 Bf5 4. Nf3 a6 5. Qb3 b6 6. cxd5 Be4 7. Nxe4 Nxe4 8. e3 Nf6 9. Ne5 b5 10. d6 e6 11. dxc7 Qxc7 12. Bd2 Ne4 13. Bd3 Nxd2 14. Kxd2 Bd6 15. Be4 Ra7 16. Nd3 0-0 17. Rac1 Qe7 18. Ke2 Nd7 19. Bf3 Nb6 20. Rc6 Nc4 21. Qc2 Qd8 22. Rc1 g6 23. b3 Nb6 24. h4 Ba3 25. Rh1 h5 26. g4 hxg4 27. Bxg4 Nd5 28. Bf3 b4 29. Bxd5 Qxd5 30. f3 Kg7 31. Rc5 Qd6 32. f4 Rh8 33. Ne5 Rh5 34. Rc6 Qd8 35. Nf3 a5 36. Rg1 Rb5 37. Ne5 Qxh4 38. Rxg6+ fxg6 39. Qxg6+ Kf8 40. Rc8+ Ke7 41. Qe8+ Kf6 42. Qf8+ 1-0

[Event "SVK-chT3B2 1314"]
[Site "Slovakia"]
[Date "2013.10.13"]
[Round "1.1"]
[White "Sklenka, Stanislav"]
[Black "Zernovic, Michal"]
[Result "0-1"]
[WhiteElo "1835"]
[BlackElo "1808"]
[PlyCount "56"]
[EventDate "2013.10.13"]
[EventType "team-tourn"]
[EventRounds "14"]
[EventCountry "SVK"]
[SourceTitle "EXT 2015"]
[Source "ChessBase"]
[SourceDate "2014.11.20"]
[SourceVersion "1"]
[SourceVersionDate "2014.11.20"]
[SourceQuality "1"]
[WhiteTeam "Handlova"]
[BlackTeam "Povazske Podhradie SK"]
[WhiteTeamCountry "SVK"]
[BlackTeamCountry "SVK"]

1. d4 d5 2. c4 Nf6 3. Nc3 Bf5 4. h3 e6 5. c5 Be7 6. Bf4 Nc6 7. Nf3 Ne4 8. Qb3 b6 9. Qa4 Qd7 10. Nb5 0-0 11. Nxc7 Rac8 12. Na6 bxc5 13. e3 c4 14. b3 Nc3 15. Ne5 Qe8 16. Nc7 Rxc7 17. Qa6 Nxe5 18. Bxe5 Rc6 19. Qxa7 Bb4 20. Qb7 Nxa2+ 21. Kd1 cxb3 22. Bb5 Nc3+ 23. Kd2 Nxb5+ 24. Ke2 b2 25. Kf3 bxa1Q 26. Rxa1 Rc4 27. Rb1 Qc8 28. Qxb5 Bxb1 0-1